Irrigation management transfer : (Record no. 10172)
[ view plain ]
| 000 -LEADER | |
|---|---|
| fixed length control field | 00811 a2200229 4500 |
| 010 ## - LIBRARY OF CONGRESS CONTROL NUMBER | |
| LC control number | ENG-89164 |
| 020 ## - INTERNATIONAL STANDARD BOOK NUMBER | |
| International Standard Book Number | 9788178298177 |
| Terms of availability | 750.00 |
| 035 ## - SYSTEM CONTROL NUMBER | |
| System control number | EN-72697 |
| 037 ## - SOURCE OF ACQUISITION | |
| Source of stock number/acquisition | DBAD / PUB |
| 082 14 - DEWEY DECIMAL CLASSIFICATION NUMBER | |
| Classification number | 333.9130954 |
| 090 ## - LOCALLY ASSIGNED LC-TYPE CALL NUMBER (OCLC); LOCAL CALL NUMBER (OCLC) | |
| -- | 10436 |
| -- | 10436 |
| 100 1# - MAIN ENTRY--PERSONAL NAME | |
| Personal name | Asian Development Bank |
| 245 1# - TITLE STATEMENT | |
| Title | Irrigation management transfer : |
| Statement of responsibility, etc | by Asian Development Bank |
| Remainder of title | strategies and best practices / |
| 260 ## - PUBLICATION, DISTRIBUTION, ETC. (IMPRINT) | |
| Place of publication, distribution, etc | New Delhi |
| Name of publisher, distributor, etc | Sage Publications |
| Date of publication, distribution, etc | 2008 |
| 270 ## - ADDRESS | |
| Address | B1/11, Mohan Cooperative Industrial Area, Mathura Road |
| City | New Delhi |
| Postal code | 110 044 |
| 300 ## - PHYSICAL DESCRIPTION | |
| Extent | xxi, 235p. |
| Dimensions | 28cm (pbk ) |
| 500 ## - GENERAL NOTE | |
| General note | Includes index |
| 650 ## - SUBJECT ADDED ENTRY--TOPICAL TERM | |
| Topical term or geographic name as entry element | Irrigation |
| General subdivision | Management |
| Geographic subdivision | India |
| 700 ## - ADDED ENTRY--PERSONAL NAME | |
| Personal name | . |
| 942 ## - ADDED ENTRY ELEMENTS (KOHA) | |
| Institution code [OBSOLETE] | dpl |
| Koha item type | English Books |
| Call number prefix | 333.9130954 / ASI |
| Withdrawn status | Lost status | Source of classification or shelving scheme | Damaged status | Not for loan | Collection code | Home library | Current library | Source of acquisition | Cost, normal purchase price | Total Checkouts | Full call number | Barcode | Date last seen | Copy number | Uniform Resource Identifier | Cost, replacement price | Price effective from | Koha item type |
|---|---|---|---|---|---|---|---|---|---|---|---|---|---|---|---|---|---|---|
| Dewey Decimal Classification | Not For Loan | Non-fiction | D.B.Act.Division | D.B.Act.Division | DBAD/PUB | 750.00 | 333.9130954 ASI | EN-72697 | 15/09/2008 | 1 | 11200 | 750.00 | 15/09/2008 | English Books |
